Geography: Go 'South' Quiz Stats

 Plays Quiz Updated Nov 12, 2018

Support Sporcle.
Go Orange.
Score 0/14 Timer 04:00
1 Play Today
Hint Answer % Correct
Mount Rushmore is located in this stateSouth Dakota
92.4%
Its largest independent nation is Brazil; its smallest is SurinameSouth America
90%
Its currency is the won, and its president is Moon Jae-inSouth Korea
89.1%
Strom Thurmond was one of its U.S. Senators for over 47 yearsSouth Carolina
85.2%
It has three capital cities and completely surrounds the nation of LesothoSouth Africa
82.1%
One of the points where Earth's axis of rotation intersects its surfaceSouth Pole
74.1%
Body of water bordering (among others) Indonesia, Hong Kong, and VietnamSouth China Sea
60.3%
Hint Answer % Correct
Autonomous region west of Ethiopia that became an independent nation on July 9, 2011South Sudan
58.2%
The fourth-largest city in Indiana, the University of Notre Dame lies just to its northSouth Bend
57.4%
It holds over 56% of New Zealand's area, but under 24% of its populationSouth Island
51.7%
State that borders every other state in its country except TasmaniaSouth Australia
39.4%
Disputed region north of the Himalayas administered by India but claimed by ChinaSouth Tibet
27.4%
Disputed European region; site of a 2008 war between Russia and GeorgiaSouth Ossetia
23.4%
The most populous province in the Netherlands, its capital is The HagueSouth Holland
21.8%

You're not logged in!

Compare scores with friends on all Sporcle quizzes.
OR
Log In

From the Vault

Top US Cities by 'N' States

by guilherme_4

These cities aren't in N-E old state.
Remove Ads.
Support Sporcle.
Get the best of Sporcle when you Go Orange. This ad-free experience offers more features, more stats, and more fun while also helping to support Sporcle. Thank you for becoming a member.

Show Comments

Extras

Top Quizzes Today


Score Distribution

Your Account Isn't Verified!

In order to create a playlist on Sporcle, you need to verify the email address you used during registration. Go to your Sporcle Settings to finish the process.

Report this User

Report this user for behavior that violates our Community Guidelines.

Details: